Movies Quiz

Random Movies or Celebrity Quiz
Score 0/106 Timer 02:00
20 Plays Today
% Correct
Pizza
92.5%
Pizza
92.5%
Pizza
92.5%
Pizza
92.5%
Pizza
92.5%
Pizza
92.5%
Pizza
92.5%
Steel
88.3%
Steel
88.3%
Steel
88.3%
Steel
88.3%
Steel
88.3%
Steel
88.3%
Steel
88.3%
Steel
88.3%
Steel
88.3%
Steel
88.3%
Steel
88.3%
Steel
88.3%
Steel
88.3%
Steel
88.3%
Steel
88.3%
Steel
88.3%
Steel
88.3%
Steel
88.3%
Steel
88.3%
Steel
88.3%
Pelican
87%
Pelican
87%
Pelican
87%
Pelican
87%
Pelican
87%
Pelican
87%
Pelican
87%
Pelican
87%
Pelican
87%
% Correct
Pelican
87%
Pelican
87%
Pelican
87%
Pretty
Woman
66%
Pretty
Woman
66%
Pretty
Woman
66%
Pretty
Woman
66%
Pretty
Woman
66%
Pretty
Woman
66%
Pretty
Woman
66%
Pretty
Woman
66%
Pretty
Woman
66%
Pretty
Woman
66%
Pretty
Woman
66%
Pretty
Woman
66%
Pretty
Woman
66%
Pretty
Woman
66%
Pretty
Woman
66%
Pretty
Woman
66%
Brief
65.4%
Brief
65.4%
Brief
65.4%
Brief
65.4%
Brief
65.4%
Brief
65.4%
Brief
65.4%
Brief
65.4%
Notting
Hill
58.4%
Notting
Hill
58.4%
Notting
Hill
58.4%
Notting
Hill
58.4%
Notting
Hill
58.4%
Notting
Hill
58.4%
Notting
Hill
58.4%
Notting
Hill
58.4%
Notting
Hill
58.4%
% Correct
Notting
Hill
58.4%
Notting
Hill
58.4%
Notting
Hill
58.4%
Notting
Hill
58.4%
Notting
Hill
58.4%
Notting
Hill
58.4%
Magnolias
57.9%
Magnolias
57.9%
Magnolias
57.9%
Magnolias
57.9%
Magnolias
57.9%
Magnolias
57.9%
Magnolias
57.9%
Magnolias
57.9%
Magnolias
57.9%
Magnolias
57.9%
Magnolias
57.9%
Magnolias
57.9%
Magnolias
57.9%
Magnolias
57.9%
Magnolias
57.9%
Mystic
53.1%
Mystic
53.1%
Mystic
53.1%
Mystic
53.1%
Mystic
53.1%
Mystic
53.1%
Mystic
53.1%
Mystic
53.1%
Mystic
53.1%
Mystic
53.1%
Mystic
53.1%
Mystic
53.1%
Julia Roberts
51.5%
Remove Ads.
Support Sporcle.
Get the best of Sporcle when you Go Orange. This ad-free experience offers more features, more stats, and more fun while also helping to support Sporcle. Thank you for becoming a member.

You're not logged in!

Compare scores with friends on all Sporcle quizzes.
OR
Log In

Show Comments

Extras

Top Quizzes Today


Score Distribution

Your Account Isn't Verified!

In order to create a playlist on Sporcle, you need to verify the email address you used during registration. Go to your Sporcle Settings to finish the process.

Report this User

Report this user for behavior that violates our Community Guidelines.

Details: